000 00582cam a22002294a 4500
005 20250605164321.0
008 250528s ||||||||||||||||||||||||d
035 _a22926
020 _a9780748409518
040 _aGR-AtMCL
_bgre
_dGR-AtMCL
_eAACR2
245 1 _aPROFESSIONAL ISSUES IN SOFTWARE ENGINEERING
250 _a3
260 _bTaylor And Francis,
_c2004
300 _a364
700 1 _aBott Frank
_98553
700 1 _aColeman Allison
_98554
700 1 _aEaton Jack
_98555
700 1 _aRowland Diane
_98556
942 _cBK
999 _c7969
_d7969